| 000 | 01349cam a22003131i 4500 | ||
|---|---|---|---|
| 003 | SA_RiAUC | ||
| 005 | 20250611073746.0 | ||
| 008 | 250610s2013____ua a g f000 0 ara c | ||
| 020 | _a9789774482755 | ||
| 040 |
_aSA-JeALM _bara _cSA-RiAUC _erda |
||
| 041 | 1 |
_aara _hund |
|
| 082 | 0 | 4 |
_a808 _qSA-RiAUC |
| 090 |
_a808 _bب ر و |
||
| 100 | 1 |
_aبروطون، فيليب، _d1951- _eمؤلف. |
|
| 245 | 1 | 2 |
_aالحجاج في التواصل / _cتأليف فيليب بروطون ؛ ترجمة محمد مشبال، عبد الواحد التهامي العلمي. |
| 250 | _aالطبعة الأولى. | ||
| 264 | 1 |
_aالقاهرة : _bالمركز القومي للترجمة، _c2013 |
|
| 300 |
_a150 صفحة : _bإيضاحيات ؛ _c24 سم. |
||
| 336 |
_aنص _btxt _2rdacontent _3كتاب |
||
| 337 |
_aبدون وسيط _bn _2rdamedia |
||
| 338 |
_aمجلد _bnc _2rdacarrier |
||
| 490 | 1 |
_aالمشروع القومي للترجمة / المركز القومي للترجمة ؛ _v2338 |
|
| 650 | 7 |
_aالبلاغة _2aucsh |
|
| 700 | 1 |
_aمشبال، محمد _eمترجم. |
|
| 700 | 1 |
_aالتهامي العلمي، عبد الواحد، _d1952- _eمترجم. |
|
| 830 | 2 |
_aالمشروع القومي للترجمة (المركز القومي للترجمة) _v2338 |
|
| 942 |
_2ddc _cBOOK _n0 |
||
| 949 |
_aSA-JeALM _d250610 _uosman123 _n1 |
||
| 999 |
_c8807 _d8807 |
||